000 00290nam a22001337a 4500
008 180911b xxu||||| |||| 00| 0 eng d
020 _a9780486227290
041 _aeng
080 _a311
100 _a55
101 _aSTA
245 _aPractical Statistics
_cLangley.r
942 _2udc
_cBK
999 _c47645
_d47645